000 00878nam a2200241Ii 4500
003 JO-AjNU
008 230605s9999||||xx |||||||||||||| ||und||
017 _a86/5087
020 _a977-103-290-9
040 _aJO-AjNU
_bara
_erda
_cJO-AjNU
041 _aara
050 1 4 _aJX1995.M87.1986
100 3 _a فؤاد ، مصطفى احمد ,
_eauthor
_934924
245 0 0 _aالقانون واجب التطبيق على العقد المبرم بين المنظمة الدولية وشخص القانون الداخلى
250 _a(د،ط)
264 3 1 _aالاسكندرية : منشأة المعارف ، 1986
300 _a73ص
336 _atext
_btxt
_2rdacontent
337 _aunmediated
_bn
_2rdamedia
338 _avolume
_bnc
_2rdacarrier
490 0 _aسلسلة الكتب القانونية
650 4 _aمنظمات دولية -- عقود دولية
_934925
999 _aA14367
_c17935
_d17935